| 000 | 00497nam a2200193Ia 4500 | ||
|---|---|---|---|
| 005 | 20240826053340.0 | ||
| 008 | 240331s9999 xx 000 0 und d | ||
| 082 |
_bLIS _a019507307X |
||
| 100 | _aHedges, E | ||
| 245 | 0 |
_aListening to silences : _bNew essays in feminist criticism |
|
| 260 |
_aNew York _bOxford University Press, Inc. _c1994 |
||
| 300 | _a viii, 326 p ., | ||
| 650 | _aWomen | ||
| 650 | _aFeminism | ||
| 650 | _aHistory | ||
| 650 | _aCriticism | ||
| 650 | _aSex | ||
| 942 | _cL | ||
| 999 |
_c3095 _d3095 |
||